00798 2200277 4500001002100000005001700021008004100038020002200079035002400101090001500125100001800140245012400158250001000282260003800292500004500330650001100375700001800386700002600404700001100430850001500441980001300456985000600469999001500475999001500490999001500505YOGYA-0209000004015820090227025627.0 ind  a978-979-1277-06-8 0010-020900000040158 a400bTho B aTHOMAS, Linda aBahasa, masyarakat & kekuasaancLinda Thomas, Shan Wareing; editor, Abdul Syukur Ibrahim; penerjemah, Sunoto ...[et.al] aCet.1 aYogyakartabPustaka Pelajarc2007 aJudul asli : Language, society and power aBahasa aWareing, Shan aIbrahim, Abdul Syukur aSunoto aYOPDYOG(M) a19-11-07 a3 a07B0031126 a07B0031127 a07B0031128